Quiz su Bahamas - Statistics

Statistiche generali
  • Questo quiz è stato fatto 465 volte
  • Il punteggio medio è 12 su 18
Statistiche sulle risposte
Hint Risposta % Corretto
Le Bahamas sono state il primo paese del Nuovo Mondo ad essere visitato da questo esploratore nel 1492 Cristoforo Colombo
96%
Paese da cui le Bahamas sono diventate indipendenti nel 1973 Regno Unito
92%
Stati Uniti d'America
91%
Paesi che si trovano più vicini alle Bahamas Cuba
90%
Moneta Dollaro di Bahama
88%
A differenza di quel che si può pensare, le Bahamas NON si trovano in questo mare Mar dei Caraibi
84%
Capitale Nassau
83%
Haiti
82%
Industria che rappresenta circa il 50% del PIL Turismo
77%
Territorio britannico che si trova a soli 46 km dalle Bahamas {Turks} e Caicos
72%
La percentuale arrotondata della popolazione nativa che morì o lo fu trasportato via entro 30 anni dal contatto europeo 100%
71%
Sport più popolare Cricket
68%
Capitano pirata della "Queen Anne's Revenge" con base alle Bahamas B{arbanera}
52%
Animale con cui i turisti possono nuotare a Big Major Cay Maiali
37%
Ex re inglese che è stato governatore delle Bahamas dal 1940 al 1945 Edoardo VIII
36%
Isola più grande North {Andros}
24%
Isola sulla quale è situata New Providence
23%
Uccello raffigurato sullo stemma nazionale Fenicottero
21%
Nessun quiz corrispondente trovato
Distribuzione punteggi
Percentuale di utenti per punteggio
Percentile per numero di risposta
I tuoi punteggi nel tempo
Non hai fatto questo quiz